Environmental geology / (Record no. 549)

000 -LEADER
fixed length control field 00835cam a2200253 a 4500
001 - CONTROL NUMBER
control field 15944611
003 - CONTROL NUMBER IDENTIFIER
control field OSt
005 - DATE AND TIME OF LATEST TRANSACTION
control field 20140116120831.0
008 - FIXED-LENGTH DATA ELEMENTS--GENERAL INFORMATION
fixed length control field 091014s2011 iauab b 001 0 eng
010 ## - LIBRARY OF CONGRESS CONTROL NUMBER
LC control number 2009041010
020 ## - INTERNATIONAL STANDARD BOOK NUMBER
International Standard Book Number 9780071222044
040 ## - CATALOGING SOURCE
Transcribing agency DLC
Modifying agency DLC
050 00 - LIBRARY OF CONGRESS CALL NUMBER
Classification number QE38.M68 2011
100 1# - MAIN ENTRY--PERSONAL NAME
Personal name Montgomery, Carla W.
245 10 - TITLE STATEMENT
Title Environmental geology /
Statement of responsibility, etc Carla W. Montgomery.
250 ## - EDITION STATEMENT
Edition statement 9th ed.
260 ## - PUBLICATION, DISTRIBUTION, ETC. (IMPRINT)
Place of publication, distribution, etc New York :
Name of publisher, distributor, etc McGraw-Hill,
Date of publication, distribution, etc 2011.
300 ## - PHYSICAL DESCRIPTION
Extent xvi, 511 p. :
Other physical details col. ill., col. maps .
504 ## - BIBLIOGRAPHY, ETC. NOTE
Bibliography, etc Includes bibliographical references and index.
650 #0 - SUBJECT ADDED ENTRY--TOPICAL TERM
Topical term or geographic name as entry element Environmental geology
Form subdivision Textbooks.
906 ## - LOCAL DATA ELEMENT F, LDF (RLIN)
a 7
b cbc
c orignew
d 1
e ecip
f 20
g y-gencatlg
942 ## - ADDED ENTRY ELEMENTS (KOHA)
Source of classification or shelving scheme
Koha item type Book
Holdings
Withdrawn status Lost status Source of classification or shelving scheme Damaged status Not for loan Home library Current library Date acquired Source of acquisition Total Checkouts Full call number Barcode Date last seen Copy number Price effective from Koha item type
          Riara University Library Riara University Library 24/10/2011 Purchase   QE38.M68 2011 1301/11 24/10/2011 C.1 24/10/2011 Book
          Riara University Library Riara University Library 24/10/2011 Purchase   QE38.M68 2011 1302/11 24/10/2011 C.2 24/10/2011 Book
          Riara University Library Riara University Library 24/10/2011 Purchase   QE38.M68 2011 1303/11 24/10/2011 C.3 24/10/2011 Book

Riara University Library,
P.O. Box 49940-00100,
Nairobi, Kenya.